000 02183cam a22005414i 4500
003 PE-LiUPU
005 20250731165445.0
008 150617s1969 cr r 000 0 spa d
035 _a(Sirsi) a16817
035 _a(Sirsi) a16817
040 _aPE-LiUPU
_bspa
_cPE-LiUPU
_erda
049 _aPRUA
082 0 4 _a203
_bD55
_221
100 1 _aDenyer, Carlos P.,
_eautor.
245 1 0 _aConcordancia de las Sagradas Escrituras :
_brevisión de 1960 de la versión Reina-Valera /
_cCarlos P. Denyer.
264 1 _aSan Jose, Costa Rica :
_bCaribe,
_c1969.
300 _a936 páginas ;
_c29 centímetros
336 _atext
_2rdacontent
337 _aunmediated
_2rdamedia
338 _avolume
_2rdacarrier
505 0 _aConcordancia de las Sagradas Escrituras desde la A-Z.
526 _aSEG44
526 _aSEG26
526 _aP151
526 _aP150
526 _aP149
526 _aP146
526 _aP145
526 _aP126
526 _aP125
526 _aP92
526 _aP75
526 _aP74
526 _aP27
526 _aP15
630 _aBiblia
_vConcordancias.
_91722
910 _ajck
942 _2ddc
_cBOOK
949 _aRC 220.3 D55
_wDEWEY
_c1
_i33759
_lRC
_mBUL
_r0
_sY
_tBOOK
_u2015-4-21
_xTEOLOGIA
_0COMPRA
_o.CIRCNOTE. No olvidar cambiar la fecha de devolución!!!!!!!
_o.STAFF. Colección Teología
949 _aRC 220.3 D55
_wDEWEY
_c2
_i13842
_lRC
_mBUL
_r0
_sY
_tBOOK
_u2015-4-21
_xTEOLOGIA
_0COMPRA
_o.CIRCNOTE. No olvidar cambiar la fecha de devolución!!!!!!!
_o.STAFF. Colección Teología
949 _aRC 220.3 D55
_wDEWEY
_c3
_i13843
_d2015-8-28
_e2015-8-28
_kCHECKEDOUT
_lRC
_mBUL
_n1
_rM
_sY
_tBOOK
_u2015-4-21
_xTEOLOGIA
_0COMPRA
_o.CIRCNOTE. No olvidar cambiar la fecha de devolución!!!!!!!
_o.STAFF. Colección Teología
949 _aRC 220.3 D55
_wDEWEY
_c4
_i08714
_lRC
_mBUL
_r0
_sY
_tBOOK
_u2015-4-21
_xTEOLOGIA
_0COMPRA
_o.CIRCNOTE. No olvidar cambiar la fecha de devolución!!!!!!!
_o.STAFF. Colección Teología
999 _c16328
_d16328
980 _81
_gALBERTO SANCHEZ Responsable de Automatización